Designing zero carbon buildings using dynamic simulation methods /

In addition to the application of fundamental principles that lead to a structured method for zero carbon design of buildings, this considerably expanded second edition includes new advanced topics on multi-objective optimisation; reverse modelling; reduction of the simulation performance gap; predi...

Full description

Bibliographic Details
Main Author: Jankovic, Ljubomir (Author)
Format: Book
Language:English
Published: New York : Abingdon, Oxon : Routledge, Taylor & Francis Group, 2017
Edition:Second edition.
Subjects:
Classic Catalogue: View this record in Classic Catalogue
LEADER 03659nam a2200397 i 4500
001 35090
003 BD-DhAAL
005 20211118134145.0
008 190808t2017 enka b 001 0 eng
999 |c 40818  |d 40818 
010 |a  2016038440 
020 |a 9781138658301 (hb : alk. paper) 
020 |a 9781138658318 (pb : alk. paper) 
020 |z 9781315620909 (ebook) 
040 |a DLC  |b eng  |c DLC  |e rda  |d DLC  |d BD-DhAAL 
042 |a pcc 
050 0 0 |a TH880  |b .J36 2017 
082 0 0 |a 720.47  |2 23 
100 1 |a Jankovic, Ljubomir,  |e author.  |9 33547 
245 1 0 |a Designing zero carbon buildings using dynamic simulation methods /  |c Ljubomir Jankovic. 
250 |a Second edition. 
260 |a New York :  |a Abingdon, Oxon :  |b Routledge, Taylor & Francis Group,  |c 2017 
300 |a xxi, 426 pages :  |b illustrations ;  |c 28 cm. 
504 |a Includes bibliographical references (pages 403-408) and index. 
505 |a Part 1: Introduction 1. Introduction 2. Design Methods and Design Tools Part 2: Global Context 3. Global Issues Part 3: Site Context 4. Site Issues Part 4: Building Context 5. Building Geometry 6. Thermal Insulation and Air Tightness 7. Solar Gain 8. Solar Shading Design 9. Thermal Mass 10. Natural and Mechanical Ventilation 11. Natural Daylight 12. Electrical Lighting and its Integration with Natural Daylight 13. Internal Heat Gains, Heating and Cooling 14. Thermal Comfort Part 5: Renewable Energy Context 15. Renewable energy Part 6: End Game 16. A Method for Achieving Zero Carbon Design Using a Series of Single Simulations 17. A Method for Achieving Zero Carbon Design Using Multi-objective Optimisation 18. Post Occupancy Evaluation Part 7 -- Practice, Teaching and Research 19. Case Studies 20. Teaching 21. Research 22. Conclusions References Appendices Supplementary Material Index. 
520 |a In addition to the application of fundamental principles that lead to a structured method for zero carbon design of buildings, this considerably expanded second edition includes new advanced topics on multi-objective optimisation; reverse modelling; reduction of the simulation performance gap; predictive control; nature-inspired emergent simulation leading to sketches that become 'alive'; and an alternative economics for achieving the sustainability paradigm. The book features student design work from a Master's programme run by the author, and their design speculation for a human settlement on Mars. Tasks for simple simulation experiments are available for the majority of topics, providing the material for classroom exercise and giving the reader an easy introduction into the field. Extended new case studies of zero carbon buildings are featured in the book, including schemes from Japan, China, Germany, Denmark and the UK, and provide the reader with an enhanced design toolbox to stimulate their own design thinking. 
526 |a ARC 
541 |a Trim Education  |e 35090, 35091 
650 0 |a Sustainable buildings  |x Design and construction.  |9 33548 
650 0 |a Buildings  |x Performance  |x Computer simulation.  |9 33549 
650 0 |a Carbon dioxide mitigation.  |9 33550 
650 0 |a Architecture  |9 42860 
852 |a Ayesha Abed Library  |c General Stacks 
942 |2 ddc  |c BK 
952 |0 0  |1 0  |2 ddc  |4 0  |6 720_470000000000000_JAN  |7 0  |9 65947  |a BRACUL  |b BRACUL  |c GEN  |d 2019-07-28  |e Trim Education  |g 3090.00  |l 1  |m 2  |o 720.47 JAN  |p 3010035090  |r 2021-06-27  |s 2019-09-17  |t 1  |v 3090.00  |w 2019-07-28  |y BK 
952 |0 0  |1 0  |2 ddc  |4 0  |6 720_470000000000000_JAN  |7 0  |9 65948  |a BRACUL  |b BRACUL  |c GEN  |d 2019-07-28  |e Trim Education  |g 3090.00  |l 1  |o 720.47 JAN  |p 3010035091  |r 2025-03-02  |s 2025-03-02  |t 2  |v 3090.00  |w 2019-07-28  |y BK  |x Transferred from ARC to BRACUL on 28/12/2023